Osztályba sorolás gyakorisági mátrixok segítségével

Elmentve itt :
Bibliográfiai részletek
Szerzők: Vöröss Mária
Végső László
Sarkadi Ádám
Nagypál Tibor
Testületi szerző: Számítástechnikai és kibernetikai módszerek alkalmazása az orvostudományban és a biológiában
Dokumentumtípus: Könyv része
Megjelent: 1974
Sorozat:Számítástechnikai és kibernetikai módszerek alkalmazása az orvostudományban és a biológiában 4
Kulcsszavak:Digitális jelfeldolgozás, Számítógép alkalmazása - orvostudomány, Elektroenkefalográfia
Tárgyszavak:
Online Access:http://acta.bibl.u-szeged.hu/45761
LEADER 01093naa a2200241 i 4500
001 acta45761
005 20230607085954.0
008 170619s1974 hu o 1|| hun d
040 |a SZTE Egyetemi Kiadványok Repozitórium  |b hun 
041 |a hun 
100 1 |a Vöröss Mária 
245 1 0 |a Osztályba sorolás gyakorisági mátrixok segítségével  |h [elektronikus dokumentum] /  |c  Vöröss Mária 
260 |c 1974 
300 |a 322-328 
490 0 |a Számítástechnikai és kibernetikai módszerek alkalmazása az orvostudományban és a biológiában  |v 4 
650 4 |a Természettudományok 
650 4 |a Számítás- és információtudomány 
695 |a Digitális jelfeldolgozás, Számítógép alkalmazása - orvostudomány, Elektroenkefalográfia 
700 0 1 |a Végső László  |e aut 
700 0 1 |a Sarkadi Ádám  |e aut 
700 0 1 |a Nagypál Tibor  |e aut 
711 |a Számítástechnikai és kibernetikai módszerek alkalmazása az orvostudományban és a biológiában  |c Szeged  |d 1973 
856 4 0 |u http://acta.bibl.u-szeged.hu/45761/1/szamtech_orvost_koll_004_322-328.pdf  |z Dokumentum-elérés